| 000 | 01494cam a22004217a 4500 | ||
|---|---|---|---|
| 001 | 17452853 | ||
| 003 | OSt | ||
| 005 | 20230329144612.0 | ||
| 008 | 120905s2012 gw a b 001 0 eng d | ||
| 010 | _a 2012948626 | ||
| 015 |
_aGBB265661 _2bnb |
||
| 016 | 7 |
_a016118651 _2Uk |
|
| 020 | _a9783662608852 | ||
| 020 | _a3642319904 | ||
| 020 | _a9783642319914 | ||
| 035 | _a(OCoLC)ocn798411825 | ||
| 040 |
_aUKMGB _beng _cUKMGB _dOCLCO _dYDXCP _dBWX _dCDX _dGSU _dBTCTA _dDLC |
||
| 042 | _alccopycat | ||
| 050 | 0 | 0 |
_aT49.5 _b.D46 2012 |
| 082 | 0 | 4 |
_a729 _21 _bPLAH |
| 245 | 0 | 0 |
_aDesign thinking research : _bmeasuring performance in context / _cEdited by Hasso Plattner, Christoph Meinel, and Larry Leifer. |
| 250 | _a1st ed. | ||
| 260 |
_aHeidelberg ; _aNew York : _bSpringer, _c2012. |
||
| 300 |
_aviii, 302 p. : _c25 cm. _bHB |
||
| 490 | 1 | _aUnderstanding innovation | |
| 504 | _aIncludes bibliographical references and index. | ||
| 650 | 0 |
_aDesign thinking research in the context of co-located teams _928238 |
|
| 650 | 0 |
_aDesign thinking research in the context of distributed teams _928239 |
|
| 650 | 0 |
_aCreative ability. _928240 |
|
| 700 | 1 |
_aPlattner, Hasso. _979652 |
|
| 700 | 1 |
_aMeinel, Christoph. _928241 |
|
| 700 | 1 |
_aLeifer, Larry J. _928242 |
|
| 830 | 0 |
_aUnderstanding innovation. _928243 |
|
| 906 |
_a7 _bcbc _ccopycat _d2 _encip _f20 _gy-gencatlg |
||
| 942 |
_2ddc _cBK _e1st _k729 PLAH |
||
| 999 |
_c222248 _d222248 |
||